• 首页
  • 本馆介绍
  • 公告通知
  • 最新文献
  • 馆藏检索
  • 电子资源
  • 读者导购
  • 参考咨询
  • 我的图书馆
  • 登录
  • 详细信息显示
  • 放入我的书架
  • 预约/预借图书
  • 作者相关作品
  • 分类相关作品
  • 丛书相关作品
  • 出版社相关作品

书目信息

  • 表格格式
  • 工作单格式
  • 卡片格式
题名:
区域农业面源污染防治研究
    
 
作者: 李兆光 , 李循早 , 戴武秀 主编
分册:  
出版信息: 长春   吉林大学出版社  2019
页数: 148页
开本: 25cm
丛书名:
单 册:
中图分类: X501
科图分类:
主题词: 农业污染源--nong ye wu ran yuan--面源污染--污染控制--研究--洪湖
电子资源:
ISBN: 978-7-5692-4362-8
000 01353nam0 2200301 450
001 012001003692
005 20131105110429.0
010    @a978-7-5692-4362-8@dCNY63.00
099    @aCAL 012019088837
100    @a20190710d2019 em y0chiy50 ea
101 0  @achi
102    @aCN@b220000
105    @aak z 000yy
106    @ar
200 1  @a区域农业面源污染防治研究@Aqu yu nong ye mian yuan wu ran fang zhi yan jiu@e洪湖市案例@d= Study on the prevention and control of regional agricultural nonpoint source pollution@ea case study of Honghu city@f主编李兆光, 李循早, 戴武秀@zeng
210    @a长春@c吉林大学出版社@d2019
215    @a148页@c图@d25cm
300    @a农村环境与发展
330    @a本书是洪湖市农业面源污染防治规划的研究报告,涉及自然、社会、经济、生态的方方面面。主要内容包括:任务由来;指导思想与基本原则;范围与时限;依据;目标;自然地理;资源禀赋;社会经济等。
510 1  @aStudy on the prevention and control of regional agricultural nonpoint source pollution@ea case study of Honghu city@zeng
517 1  @a洪湖市案例@Ahong hu shi an li
606 0  @a农业污染源@Anong ye wu ran yuan@x面源污染@x污染控制@x研究@y洪湖
690    @aX501@v5
701  0 @a李兆光@ALi Zhaoguang@4主编
701  0 @a李循早@ALi Xunzao@4主编
701  0 @a戴武秀@ADai Wuxiu@4主编
801  0 @aCN@b上海新华@c20191020
905    @b1206290-3@dX501@e228@f4
    
    区域农业面源污染防治研究:洪湖市案例= Study on the prevention and control of regional agricultural nonpoint source pollution:a case study of Honghu city/主编李兆光, 李循早, 戴武秀.-长春:吉林大学出版社,2019
    148页:图;25cm
    农村环境与发展
    
    ISBN 978-7-5692-4362-8:CNY63.00
    本书是洪湖市农业面源污染防治规划的研究报告,涉及自然、社会、经济、生态的方方面面。主要内容包括:任务由来;指导思想与基本原则;范围与时限;依据;目标;自然地理;资源禀赋;社会经济等。
●
相关链接 在E读中查询图书 在五车中查询图书 在当当中查询图书 在豆瓣中查询图书


正题名:区域农业面源污染防治研究     索取号:X501/228         预约/预借

序号 登录号 条形码 馆藏地/架位号 状态 备注
1 1206290   212062907   第二样本阅览室/ [索取号:X501/228] 在馆    
2 1206291   212062916   第三借阅区/ [索取号:X501/228] 在馆    
3 1206292   212062925   第三借阅区/ [索取号:X501/228] 在馆    
4 1206293   212062934   第三借阅区/ [索取号:X501/228] 在馆    
唐山师范学院图书馆 欢迎您!
大连网信软件有限公司© 版权所有